UBT Library

American government : (Record no. 39399)

000 -LEADER
fixed length control field 00862cam a2200277 a 4500
001 - CONTROL NUMBER
control field 15485068
005 - DATE AND TIME OF LATEST TRANSACTION
control field 20171226071907.0
008 - FIXED-LENGTH DATA ELEMENTS--GENERAL INFORMATION
fixed length control field 081015s2009 at a b 001 0 eng d
010 ## - LIBRARY OF CONGRESS CONTROL NUMBER
LC control number 2008939571
020 ## - INTERNATIONAL STANDARD BOOK NUMBER
International Standard Book Number 9780495566151
020 ## - INTERNATIONAL STANDARD BOOK NUMBER
International Standard Book Number 0495566152
035 ## - SYSTEM CONTROL NUMBER
System control number (OCoLC)ocn301358693
040 ## - CATALOGING SOURCE
Original cataloging agency OSU
Transcribing agency OSU
Modifying agency DLC
041 ## - LANGUAGE CODE
Language code of text/sound track or separate title eng
042 ## - AUTHENTICATION CODE
Authentication code lccopycat
043 ## - GEOGRAPHIC AREA CODE
Geographic area code n-us---
080 ## - UNIVERSAL DECIMAL CLASSIFICATION NUMBER
Universal Decimal Classification number 32 DAU
082 ## - DEWEY DECIMAL CLASSIFICATION NUMBER
Classification number 32 DAU
100 1# - Rafti
Rafti 19
101 ## - Shkurtesa
Shkurtesa POL
245 10 - TITLE STATEMENT
Title American government :
Statement of responsibility, etc Kenneth Dautrich, David A. Yalof.
504 ## - BIBLIOGRAPHY, ETC. NOTE
Bibliography, etc Includes bibliographical references and index.
906 ## - LOCAL DATA ELEMENT F, LDF (RLIN)
a 7
b cbc
c copycat
d 3
e ncip
f 20
g y-gencatlg
942 ## - ADDED ENTRY ELEMENTS (KOHA)
Source of classification or shelving scheme
Item type Books
Holdings
Withdrawn status Lost status Source of classification or shelving scheme Damaged status Not for loan Collection code Permanent location Current location Shelving location Date acquired Total Checkouts Full call number Barcode Date last seen Price effective from Koha item type
          Koleksioni i përgjithshem UBT - Lipjan UBT - Lipjan Koleksioni i përgjithshem 12/26/2017   32 DAU 002-2939979 12/26/2017 12/26/2017 Books
UBT Library © 2015-2024. All rights reserved University Education for Business and Technology